Normal view
MARC view
- Nooman, Umer Bin
Entry Personal Name
001 - CONTROL NUMBER
- control field: 121731
003 - CONTROL NUMBER IDENTIFIER
- control field: NUST
005 - DATE AND TIME OF LATEST TRANSACTION
- control field: 20240301105830.0
008 - FIXED-LENGTH DATA ELEMENTS
- fixed length control field: 240301|| aca||aabn | a|a d
040 ## - CATALOGING SOURCE
- Original cataloging agency: NUST
- Transcribing agency: NUST
100 ## - HEADING--PERSONAL NAME
- Personal name: Nooman, Umer Bin
670 ## - SOURCE DATA FOUND
- Source citation: Work cat.: (NUST): Nooman, Umer Bin , Material Characterization of Laser Remelted Aluminium Alloy for Improvement in Fatigue Life /
